1860 1620 1377 1145 1352 1197 1513 1970 1989 1041 1567 1305 1101 1960 1467 1775 1994 1277 1471 1033 1249 1603 1017 1259 1108 1613 1823 1649 1944 1164 1307 1737 1334 1672 1437 1627 1936 1448 1802 1959 1007 1586 1489 1754 1843 1843 1858 1452 1594 1996 1828 1718 1853 1717 1874 1565 1246 1712 1384 1168 1384 1378 1591 1432 1953 1215 1050 1544 1099 1557 1937 1854 1271 1919 1031 1884 1098 1657 1091 1874 1517 1825 1022 1471 1630 1095 1150 1749 1515 1077 1755 1963 1223 1542 1709 1358 1504 1794 1551 BCNSPRNW ULIB Ver.6.0+V

เปลี่ยนเป็นภาษาไทย

Change to English
 แสดงรายละเอียดบรรณานุกรม
  กลับหน้าหลัก

Brief Record : Get Marc (ISO 2709) : E-mail record : QR code < ปิดหน้าต่าง
LEADER : 00000nam 2200000uu 4500
001    13399125803
003     ULIB
008    170912s2559||||th 000 0 tha d
020    ^a9786162799310
060  0 ^aWY200^bย411ก
100 0  ^aยุพา จิ๋วพัฒนกุล
245 00 ^aการพยาบาลครอบครัว/^cยุพา จิ๋วพัฒนกุล
260    ^aนครปฐม :^bสำนักพิมพ์มหาวิทยาลัยมหิดล,^c2559
300    ^a248 หน้า :^bภาพประกอบ ;^c28ซม.
650  0 ^aการพยาบาล
650  0 ^aการพยาบาล,ทฤษฎี
650  0 ^aการพยาบาลในเคหสถาน
710 1  ^aมหาวิทยาลัยมหิดล
945    ^p240^l0^i25478
945    ^p240^l0^i25479
945    ^p240^l0^i25480
945    ^p240^l0^i25481
945    ^p240^l0^i25482
945    ^p240^l0^i25483
945    ^p240^l0^i25484
945    ^p240^l0^i25485
945    ^p240^l0^i25486
945    ^p240^l0^i25487
999    ^aกัณชพร จุลอักษร
รายการนี้ยังไม่มีแท็ก
คุณยังไม่ได้ล็อกอิน คุณสามารถมีกิจกรรมร่วมกับเว็บไซต์ได้ แต่ต้องล็อกอินก่อน ::
  ล็อกอิน

รายการสื่อสารสนเทศ

ลำดับที่ ประเภท เลขเรียก/บาร์โค้ด สถานที่ สถานะ
1. หนังสือสำรอง
หนังสือสำรอง
WY200 ย411ก ฉ.1 
  Barcode: 25478
ห้องสมุดวิทยาเขตนครสวรรค์
►หนังสือทั่วไป:l:General Books
บนชั้น
2. วิทยาศาสตร์การแพทย์ และสุขภาพ
วิทยาศาสตร์การแพทย์ และสุขภาพ
WY200 ย411ก ฉ.10 
  Barcode: 25487
ห้องสมุดวิทยาเขตนครสวรรค์
►หนังสือทั่วไป:l:General Books
บนชั้น
3. วิทยาศาสตร์การแพทย์ และสุขภาพ
วิทยาศาสตร์การแพทย์ และสุขภาพ
WY200 ย411ก ฉ.2 
  Barcode: 25479
ห้องสมุดวิทยาเขตนครสวรรค์
►หนังสือทั่วไป:l:General Books
บนชั้น
4. วิทยาศาสตร์การแพทย์ และสุขภาพ
วิทยาศาสตร์การแพทย์ และสุขภาพ
WY200 ย411ก ฉ.3 
  Barcode: 25480
ห้องสมุดวิทยาเขตนครสวรรค์
►หนังสือทั่วไป:l:General Books
บนชั้น
5. วิทยาศาสตร์การแพทย์ และสุขภาพ
วิทยาศาสตร์การแพทย์ และสุขภาพ
WY200 ย411ก ฉ.4 
  Barcode: 25481
ห้องสมุดวิทยาเขตนครสวรรค์
►หนังสือทั่วไป:l:General Books
บนชั้น
6. วิทยาศาสตร์การแพทย์ และสุขภาพ
วิทยาศาสตร์การแพทย์ และสุขภาพ
WY200 ย411ก ฉ.5 
  Barcode: 25482
ห้องสมุดวิทยาเขตนครสวรรค์
►หนังสือทั่วไป:l:General Books
บนชั้น
7. วิทยาศาสตร์การแพทย์ และสุขภาพ
วิทยาศาสตร์การแพทย์ และสุขภาพ
WY200 ย411ก ฉ.6 
  Barcode: 25483
ห้องสมุดวิทยาเขตนครสวรรค์
►หนังสือทั่วไป:l:General Books
บนชั้น
8. วิทยาศาสตร์การแพทย์ และสุขภาพ
วิทยาศาสตร์การแพทย์ และสุขภาพ
WY200 ย411ก ฉ.7 
  Barcode: 25484
ห้องสมุดวิทยาเขตนครสวรรค์
►หนังสือทั่วไป:l:General Books
บนชั้น
9. วิทยาศาสตร์การแพทย์ และสุขภาพ
วิทยาศาสตร์การแพทย์ และสุขภาพ
WY200 ย411ก ฉ.8 
  Barcode: 25485
ห้องสมุดวิทยาเขตนครสวรรค์
►หนังสือทั่วไป:l:General Books
ถูกยืม กำหนดส่งวันที่ 17 กันยายน 2568
  จอง
10. วิทยาศาสตร์การแพทย์ และสุขภาพ
วิทยาศาสตร์การแพทย์ และสุขภาพ
WY200 ย411ก ฉ.9 
  Barcode: 25486
ห้องสมุดวิทยาเขตนครสวรรค์
►หนังสือทั่วไป:l:General Books
บนชั้น

รายการใกล้เคียง
    ผู้แต่ง [ยุพา จิ๋วพัฒนกุล]

    หัวเรื่อง [การพยาบาล]
    หัวเรื่อง [การพยาบาล,ทฤษฎี]
    หัวเรื่อง [การพยาบาลในเคหสถาน]

BibComment


ยังไม่เคยถูกคอมเมนท์

คอมเมนท์ทรัพยากรรายการนี้
  คอมเมนท์: การพยาบาลครอบครั..


 Copyright 2026. Bcnsprnw @Library